| 000 | 01025nam a2200265Ia 4500 | ||
|---|---|---|---|
| 003 | OSt | ||
| 005 | 20221005103927.0 | ||
| 006 | a|||||r|||| 00| 0 | ||
| 007 | ta | ||
| 008 | 221004b |||||||| |||| 00| 0 hin d | ||
| 020 |
_a9788185495927 (hbk) _cINR 990.00 |
||
| 024 | _a37652 | ||
| 037 |
_b363, 27/02/2018, Eastern Book Linkers _cTextual |
||
| 040 |
_aCRL _cCRL _bhin |
||
| 041 |
_2hin _ahin |
||
| 082 | _aV1.C, 152Q8 | ||
| 100 | _aमहतो, शम्भू कुमार, ले. | ||
| 245 | 0 | _aविश्व की प्रचीन सभ्यताओं का इतिहास | |
| 246 | _aVishva kī prachīn sabhyatāoan kā itihāsa | ||
| 260 |
_aदिल्ली _bखामा पब्लिशर्स भारत _c2018 |
||
| 300 |
_a331पृ0 _ccm. |
||
| 650 | _aविश्व-इतिहास | ||
| 942 |
_hV1.C, 152Q8 _cTEXL _2cc |
||
| 999 |
_c1011303 _d1011303 |
||